Представление документа в формате RUSMARC

ПолеНазваниеЗначение
  Тип записи a
  Библиографический уровень m
001 Контрольный номер RU/УОНБ/EK_R/375465479
005 Дата корректировки 20250520122415.7
010 Индекс ISBN __
a ISBN 5-210-00348-5
d Цена 95 к.
9 Тираж 6000 экз.
b Уточнения в пер.
100 Данные общей обработки __
a Данные общей обработки 20111124d1989 u y0rusy0189||||ca
101 Язык документа 0_
a Язык текста rus
102 Страна публикации __
a Страна публикации RU
105 Кодированные данные (монография) __
a Кодированные данные (монография) a z 000yy
200 Заглавие и сведения об ответственности 1_
a Заглавие Звукофикация театров и концертных залов
e Сведения, относящиеся к заглавию учеб. для сред. спец. учеб. заведений
f Первые сведения об ответственности Е.Д. Емельянов
210 Выходные данные 1_
a Место издания Москва
c Издательство Искусство
d Дата издания 1989
215 Физическое описание __
a Объем 272 с.
c Иллюстрации/тип воспроизводства ил.
d Формат 22 см
320 Библиография __
a Библиография Библиогр.: с. 268
606 Тематические рубрики 0_
a Основная рубрика Зрительные залы
x Основная подрубрика Акустика
j Формальный подзаголовок Учебники и пособия
606 Тематические рубрики 0_
a Основная рубрика Зрительные залы
x Основная подрубрика Звукотехническое оборудование
j Формальный подзаголовок Учебники и пособия
610 Ключевые слова 0_
a Ключевые слова акустика
610 Ключевые слова 0_
a Ключевые слова театральное оборудование
686 Индексы других классификаций __
a Классификационный индекс 38.113.21я723
2 Код системы rubbk
686 Индексы других классификаций __
a Классификационный индекс 32.87
2 Код системы rubbk
700 Автор _1
a Фамилия Емельянов
b Имя (инициалы) Е.Д.
g Полное личное имя Евгений Дмитриевич
801 Источник записи _0
a Страна RU
b Организация Ульяновская ОНБ
c Дата составления 20111124
g Правила каталогизации RCR
801 Источник записи _1
a Страна RU
b Организация Ульяновская ОНБ
c Дата составления 20111124
g Правила каталогизации RCR
901 Тип документа __
t Тип документа m
909 Создатель записи __
a Создатель записи Храмова
938 Служебная информация __
a Имя БД retro
b Имя библиотеки УОНБ
c Имя АИБС МАРК-SQL
d Номер DOC_ID в БД 22536